| 000 | 00442nam a2200181Ia 4500 | ||
|---|---|---|---|
| 001 | 1111 | ||
| 005 | 20260306140608.0 | ||
| 008 | 260306t2000||||xx |||||||||||||| ||spa|| | ||
| 041 | _aESP | ||
| 082 |
_a182 _bG61 |
||
| 100 |
_aGomperz, Theodor _eAUT |
||
| 245 | 0 |
_aPensadores griegos: _buna historia de la filosofĂa de la antiguedad |
|
| 260 | _c2000 | ||
| 300 |
_a _c21 cm. |
||
| 650 | _aGEN | ||
| 654 | _aCHU | ||
| 942 |
_cLIB _dJUS _fJUS _2ddc _n |
||
| 999 |
_c1111 _d1111 |
||